| 000 | 00779nam a2200289Ia 4500 | ||
|---|---|---|---|
| 005 | 20260324113312.0 | ||
| 008 | 008 260324s9999 xx 000 0 eng d | ||
| 020 | _a9781003399315 | ||
| 037 | _aEBOOK | ||
| 040 | _aCRL | ||
| 040 | _beng | ||
| 040 | _cCRL | ||
| 041 | _2eng | ||
| 041 | _aeng | ||
| 084 | _qCRL | ||
| 100 |
_aAntonio Silva Esquinas; Jorge Ramiro Pérez Suárez; Raquel Rebeca Cordero Verdugo; Julio Díaz Galán _91146228 |
||
| 245 | 0 | _aResearching Social Media with Children | |
| 245 | 0 | _b#DigitalEthnography #Storytelling | |
| 260 | _bTaylor and Francis | ||
| 260 | _c2024 | ||
| 365 | _a | ||
| 365 | _b230 | ||
| 856 | _uhttp://www.taylorfrancis.com/books/9781003399315 | ||
| 942 | _cEBOOK | ||
| 999 |
_c1735807 _d1735807 |
||